000 00352 a2200133 4500
000 nam a22 7a 4500
100 _a T. V. Somanathan
110 _a T. V. Somanathan
245 _a State Capability in India
250 _alatest edition
260 _boxford university press
_c2022
264 _boxford university press
_c2022
942 _cBK
999 _c395309
_d395309